Pusher III : I'm the Angel of Death = Pusher III /
Pusher es una trilogía escrita y dirigida por el cineasta danés Nicolas Winding Refn que explora el mundo criminal y del narcotráfico en la ciudad de Copenhague. Cada película está protagonizada por diferentes personajes, aunque comparten un mismo mundo narrativo y un destino trágico en donde sus as...
Salvato in:
| Autore principale: | |
|---|---|
| Altri autori: | , , , , , , , , , , |
| Natura: | |
| Pubblicazione: |
Dinamarca :
Nordisk Film,
2005, c2005
|
| Soggetti: | |
| Tags: |
Nessun Tag, puoi essere il primo ad aggiungerne!!
|
MARC
| LEADER | 00000ngm^a2200000^a^4500 | ||
|---|---|---|---|
| 001 | 000563861 | ||
| 005 | 20250521000000.0 | ||
| 009 | 20260310132014.583 | ||
| 037 | |a Acervo ITESO - Biblioteca | ||
| 041 | |a OTR | ||
| 082 | |a 839. 81 |b REF V. 3 | ||
| 100 | |a Refn, Nicolas Winding |e (realización) | ||
| 240 | 1 | 1 | |a [Pusher] |
| 245 | 1 | 0 | |a Pusher III : |b I'm the Angel of Death = Pusher III / |c Realización de N.W. Refn. |
| 246 | 2 | |a Título en México: no conocido/no identificado | |
| 246 | 2 | |a Título alternativo en español (España): Pusher 3: Soy el ángel de la muerte | |
| 264 | 4 | |a Dinamarca : |b Nordisk Film, |c 2005, c2005 | |
| 264 | 2 | |a Los Angeles, EUA : |b Magnolia Pictures [distribución], |c 2006, c2006 | |
| 300 | |a 1 DVD región 1 (108, 79 min.) : |b color | ||
| 336 | |a imagen móvil bidimensional |b tdi |2 rdacontenido | ||
| 337 | |a video |b v |2 rdamedio | ||
| 338 | |a videodisco |b vd |2 rdasoporte | ||
| 500 | |a Basado en: Pusher, de Nicolas Winding Refn | ||
| 520 | |a Pusher es una trilogía escrita y dirigida por el cineasta danés Nicolas Winding Refn que explora el mundo criminal y del narcotráfico en la ciudad de Copenhague. Cada película está protagonizada por diferentes personajes, aunque comparten un mismo mundo narrativo y un destino trágico en donde sus aspiraciones y esperanzas quedan estancadas por el ambiente sórdido en que se desenvuelven. En la primera parte, de 1996, un delincuente queda a la deriva después de que una transacción de drogas termina mal y queda debiéndole mucho dinero a un capo de la mafia. En la segunda, de 2004, un hombre sale de la cárcel e intenta lidiar con su padre criminal, que lo desdeña, y su exmujer con quien tuvo un hijo recién nacido. En la tercera, de 2005, un criminal maduro intenta rehabilitarse pero al mismo tiempo mantenerse vigente en el competitivo mundo del crimen organizado. | ||
| 546 | |a En danés, con subtítulos opcionales: español, inglés | ||
| 649 | |a XX | ||
| 650 | |a Serbios en Dinamarca - |x Condiciones Sociales y Culturales | ||
| 650 | |a Delincuentes en el Cine | ||
| 650 | |a Crimen Organizado en el Cine | ||
| 650 | |a Crimen Organizado - |z Dinamarca - |x Tema Principal | ||
| 650 | |a Producción Cinematográfica - |z Dinamarca | ||
| 650 | |a Making Of (Documentales detrás de Cámaras) | ||
| 650 | |a Precuelas y Secuelas | ||
| 650 | |a Películas Policíacas | ||
| 650 | |a Cine Danés - |y 2000-2009 | ||
| 650 | |a Cine Danés - |y Siglo XXI | ||
| 650 | |a Punk - |z Dinamarca | ||
| 650 | |a Rehabilitación | ||
| 650 | |a Narcotráfico - |z Dinamarca - |x Tema Principal | ||
| 650 | |a Violencia | ||
| 650 | |a Legalidad e Ilegalidad | ||
| 650 | |a Copenhague, Dinamarca en el Cine | ||
| 700 | |a Refn, Nicolas Winding |e (guión) | ||
| 700 | |a Søborg, Morten |e (fotógrafo) | ||
| 700 | |a Whittaker, Jane |e (vestuario) | ||
| 700 | |a Nørgaard, Miriam |e (montaje) | ||
| 700 | |a Østerud, Anne |e (montaje) | ||
| 700 | |a Peter Peter |e (música) | ||
| 700 | |a Burić, Zlatko |e (actuación) | ||
| 700 | |a Dekic, Marinela |e (actuación) | ||
| 700 | |a Labović, Slavko |e (actuación) | ||
| 700 | |a Refn, Nicolas Winding |e (comentarios) | ||
| 700 | |a Romney, Jonathan |e (comentarios) | ||
| 910 | |a Fondo General | ||
| 920 | |a Audiovisuales - DVDs | ||
| 940 | |a Películas | ||
| 905 | |a 302 | ||
| 901 | |a 0500400150 |b IT2 |c DVS |i C182267 |u 20250521 | ||
| 902 | |a https://opac.biblio.iteso.mx/vufind/Record/000563861 | ||